| 000 | 00737cam a22002777a 4500 | ||
|---|---|---|---|
| 003 | CHAP | ||
| 005 | 20220817043137.0 | ||
| 008 | 971013s1981 r 00010 eng d | ||
| 010 | _a66739 | ||
| 011 | _a67711 | ||
| 035 | _a77183 | ||
| 040 | _cCHAP | ||
| 082 |
_a674 _bF36 |
||
| 110 | 2 | _aFAO | |
| 245 | 1 | 0 | _aCable logging systems |
| 260 |
_aRoma : _bFAO, _c1981 |
||
| 300 |
_a105 p. _b: ilus. |
||
| 490 | 0 |
_aFAO. Montes _v; 24 |
|
| 590 |
_aBATCH-UPD _b10 _c20130110 _lUCH01 _h0848 |
||
| 590 |
_aCONVERSION _b10 _c20130109 _lUCH01 _h1337 |
||
| 650 | 1 | 4 |
_aMadera _xTransporte. _969633 |
| 830 | 0 |
_aFAO. Montes _v; 24 _939632 |
|
| 901 | _aBK | ||
| 942 | _cLIBRO | ||
| 949 |
_a674 F36 _bBC _cFAO _d-30047 _eFAO1 _gI.139801 _h72410 _i77183 _si _t7.04 |
||
| 999 |
_c66739 _d66739 |
||